Statistics for Countries of the World - Tile Select #3

Click here to take the quiz!

General Stats

  • This quiz has been taken 133 times
  • The average score is 53 of 80

Answer Stats

QuestionTileSelect% Correct
Countries with a population of less than 100,000 peopleVatican CityYes
95%
Countries that have had a female leader (head of government) in the last 50 yearsUSANo
93%
Countries that have had a female leader (head of government) in the last 50 yearsRussiaNo
91%
Countries with a population of less than 100,000 peopleMontenegroNo
90%
Countries formed after 1990*South SudanYes
90%
Countries formed after 1990*DominicaNo
89%
Countries with a population of less than 100,000 peopleSan MarinoYes
89%
Countries that drive on the left side of the roadUKYes
89%
Countries with a population of less than 100,000 peopleKosovoNo
88%
Countries that drive on the left side of the roadTurkeyNo
88%
Countries that drive on the left side of the roadCanadaNo
87%
Countries with a population of less than 100,000 peopleDjiboutiNo
87%
Countries that have had a female leader (head of government) in the last 50 yearsGermanyYes
87%
Countries with a population of less than 100,000 peopleNauruYes
87%
Countries that drive on the left side of the roadSouth SudanNo
85%
Countries formed after 1990*ZimbabweNo
85%
Countries that have had a female leader (head of government) in the last 50 yearsMexicoNo
84%
Countries that have had a female leader (head of government) in the last 50 yearsNigeriaNo
84%
Countries with a population of less than 100,000 peoplePalauYes
84%
Countries with a population of less than 100,000 peopleTuvaluYes
84%
Countries formed after 1990*SlovakiaYes
83%
Countries that drive on the left side of the roadAustraliaYes
82%
Countries with a population of less than 100,000 peopleIcelandNo
82%
Countries formed after 1990*BruneiNo
81%
Countries formed after 1990*Czech RepublicYes
80%
Countries formed after 1990*NamibiaNo
80%
Countries that drive on the left side of the roadSouth KoreaNo
80%
Countries with a population of less than 100,000 peopleBahamasNo
79%
Countries with a population of less than 100,000 peopleMonacoYes
79%
Countries formed after 1990*East TimorYes
78%
Countries without red and/or blue on their flagsJordanNo
78%
Countries that have had a female leader (head of government) in the last 50 yearsSpainNo
78%
Countries without red and/or blue on their flagsMaliNo
77%
Countries formed after 1990*SerbiaYes
77%
Countries that have had a female leader (head of government) in the last 50 yearsItalyNo
76%
Countries with a population of less than 100,000 peopleLuxembourgNo
76%
Countries that drive on the left side of the roadPhilippinesNo
76%
Countries formed after 1990*MontenegroYes
74%
Countries without red and/or blue on their flagsTurkmenistanNo
71%
Countries without red and/or blue on their flagsBelgiumNo
70%
Countries without red and/or blue on their flagsSouth AfricaNo
70%
Countries that drive on the left side of the roadMyanmarNo
68%
Countries without red and/or blue on their flagsBelarusNo
67%
Countries formed after 1990*DjiboutiNo
67%
Countries that have had a female leader (head of government) in the last 50 yearsIndiaYes
67%
Countries without red and/or blue on their flagsLibyaNo
67%
Countries that have had a female leader (head of government) in the last 50 yearsAustraliaYes
66%
Countries with a population of less than 100,000 peopleCape VerdeNo
66%
Countries without red and/or blue on their flagsBrazilNo
65%
Countries formed after 1990*EritreaYes
63%
Countries that drive on the left side of the roadSouth AfricaYes
60%
Countries without red and/or blue on their flagsCyprusYes
58%
Countries without red and/or blue on their flagsSaudi ArabiaYes
58%
Countries formed after 1990*F.S. MicronesiaNo
57%
Countries that have had a female leader (head of government) in the last 50 yearsIcelandYes
57%
Countries that drive on the left side of the roadIndiaYes
57%
Countries without red and/or blue on their flagsPakistanYes
57%
Countries without red and/or blue on their flagsIrelandYes
56%
Countries with a population of less than 100,000 peopleAntigua and BarbudaYes
55%
Countries without red and/or blue on their flagsNigeriaYes
55%
Countries with a population of less than 100,000 peopleDominicaYes
53%
Countries without red and/or blue on their flagsIvory CoastYes
53%
Countries with a population of less than 100,000 peopleSeychellesYes
53%
Countries that have had a female leader (head of government) in the last 50 yearsArgentinaYes
52%
Countries without red and/or blue on their flagsIndiaNo
50%
Countries that drive on the left side of the roadKenyaYes
49%
Countries that drive on the left side of the roadJapanYes
47%
Countries that have had a female leader (head of government) in the last 50 yearsSwedenNo
46%
Countries without red and/or blue on their flagsNigerYes
43%
Countries that drive on the left side of the roadPakistanYes
42%
Countries formed after 1990*LatviaNo
37%
Countries formed after 1990*LithuaniaNo
37%
Countries that drive on the left side of the roadThailandYes
33%
Countries that drive on the left side of the roadZambiaYes
33%
Countries that have had a female leader (head of government) in the last 50 yearsCanadaYes
28%
Countries formed after 1990*PalauYes
28%
Countries that drive on the left side of the roadIndonesiaYes
24%
Countries that have had a female leader (head of government) in the last 50 yearsFranceYes
21%
Countries that have had a female leader (head of government) in the last 50 yearsLiberiaYes
20%
Countries that have had a female leader (head of government) in the last 50 yearsChinaYes
3%

Score Distribution

Percentile by Number Answered

Percent of People with Each Score

Your Score History

You have not taken this quiz